000
00326nam a22001337a 4500
008
170925b xxu||||| |||| 00| 0 eng d
020
_a
9780195115420
041
_a
eng
080
_2
4 ED
_a
37
100
_a
46
101
_a
EDU
245
_a
CLASSICAL RHETORIC FOR MODERN STUDENT
_c
CORBET.E.P.J
942
_2
udc
_c
BK
999
_c
29671
_d
29671